UM Logo

Unit resource book : (Record no. 728)

MARC details
000 -LEADER
fixed length control field 00470nam a22001457a 4500
008 - FIXED-LENGTH DATA ELEMENTS--GENERAL INFORMATION
fixed length control field 160123b xxu||||| |||| 00| 0 eng d
020 ## - INTERNATIONAL STANDARD BOOK NUMBER
International Standard Book Number 9780618406265
082 ## - DEWEY DECIMAL CLASSIFICATION NUMBER
Edition number 2000
Classification number DK12 550.7
Item number Un58
245 ## - TITLE STATEMENT
Title Unit resource book :
Remainder of title Earth's surface.
260 ## - PUBLICATION, DISTRIBUTION, ETC. (IMPRINT)
Place of publication, distribution, etc. Evanston, Ill. :
Name of publisher, distributor, etc. McDougal Littell,
Date of publication, distribution, etc. c2000
300 ## - PHYSICAL DESCRIPTION
Extent x, 377 pages :
Other physical details illustration;
Dimensions 26 cm.
440 ## - SERIES STATEMENT/ADDED ENTRY--TITLE
9 (RLIN) 2268
Title McDougal Littell Science
650 #0 - SUBJECT ADDED ENTRY--TOPICAL TERM
9 (RLIN) 1920
Topical term or geographic name as entry element Earth science
General subdivision Study and teaching
942 ## - ADDED ENTRY ELEMENTS (KOHA)
Source of classification or shelving scheme Dewey Decimal Classification
Koha item type Books
Holdings
Withdrawn status Lost status Source of classification or shelving scheme Damaged status Not for loan Collection code Home library Current library Date acquired Source of acquisition Total Checkouts Full call number Barcode Date last seen Copy number Price effective from Koha item type
    Dewey Decimal Classification     K-12 UM Digos College - LIC UM Digos College - LIC 08/12/2015 Purchased   DK12 550.7 Un58 2000 22926 01/23/2016 1 01/23/2016 Books